[Event "Mittelrhein Verbandsliga-W 1112"]
[Site "Germany"]
[Date "2012.05.20"]
[Round "11.6"]
[White "Schmitz, Horst"]
[Black "Titgemeyer, Thomas"]
[Result "1/2-1/2"]
[WhiteElo "1809"]
[BlackElo "1811"]
[PlyCount "42"]
[EventDate "2011.09.18"]
[EventType "team-tourn"]
[EventRounds "11"]
[EventCountry "GER"]
[SourceTitle "EXT 2013"]
[Source "ChessBase"]
[SourceDate "2012.11.22"]
[SourceVersion "1"]
[SourceVersionDate "2012.11.22"]
[SourceQuality "1"]
[WhiteTeam "Lendersdorf"]
[BlackTeam "Aachen II"]
[WhiteTeamCountry "GER"]
[BlackTeamCountry "GER"]

1. d4 d5 2. c4 e6 3. Nf3 c5 4. e3 Nc6 5. Nc3 Nf6 6. Be2 a6 7. b3 cxd4 8. exd4 Bb4 9. Bb2 Ne4 10. Rc1 Qa5 11. Qc2 Qxa2 12. Kf1 Bxc3 13. Bxc3 Qxc2 14. Rxc2 Nxc3 15. Rxc3 Nb4 16. c5 Bd7 17. Ke1 Na2 18. Rc2 Nb4 19. Rc3 Ke7 20. Kd2 Na2 21. Rc2 Nb4 1/2-1/2

[Event "Mittelrhein Verbandsliga-W 1112"]
[Site "Germany"]
[Date "2012.02.26"]
[Round "7.6"]
[White "Kleine, Joachim"]
[Black "Titgemeyer, Thomas"]
[Result "1/2-1/2"]
[WhiteElo "1626"]
[BlackElo "1811"]
[PlyCount "38"]
[EventDate "2011.09.18"]
[EventType "team-tourn"]
[EventRounds "11"]
[EventCountry "GER"]
[SourceTitle "EXT 2013"]
[Source "ChessBase"]
[SourceDate "2012.11.22"]
[SourceVersion "1"]
[SourceVersionDate "2012.11.22"]
[SourceQuality "1"]
[WhiteTeam "Wuerselen II"]
[BlackTeam "Aachen II"]
[WhiteTeamCountry "GER"]
[BlackTeamCountry "GER"]

1. e4 c5 2. c3 d5 3. exd5 Qxd5 4. d4 cxd4 5. cxd4 Nc6 6. Nf3 e5 7. dxe5 Qxd1+ 8. Kxd1 Bc5 9. Nc3 Bg4 10. Bb5 Bxf3+ 11. gxf3 0-0-0+ 12. Ke2 Nxe5 13. Be3 Bxe3 14. fxe3 a6 15. Ba4 f5 16. Rhd1 Nf6 17. Bb3 g6 18. Rac1 Kb8 19. Nd5 Ned7 1/2-1/2

[Event "Moehnesee Cup-A 37th"]
[Site "Moehnesee"]
[Date "2011.09.04"]
[Round "7"]
[White "Titgemeyer, Thomas"]
[Black "Friesen, Viktor"]
[Result "1-0"]
[WhiteElo "1919"]
[BlackElo "2096"]
[PlyCount "65"]
[EventDate "2011.09.01"]
[EventType "swiss"]
[EventRounds "7"]
[EventCountry "GER"]
[SourceTitle "EXT 2013"]
[Source "ChessBase"]
[SourceDate "2012.11.22"]
[SourceVersion "1"]
[SourceVersionDate "2012.11.22"]
[SourceQuality "1"]

1. e4 d5 2. exd5 Qxd5 3. Nc3 Qd8 4. d4 g6 5. Bc4 Bg7 6. Be3 Nh6 7. Qd2 Nf5 8. 0-0-0 Nxe3 9. Qxe3 Nd7 10. Nf3 0-0 11. Kb1 c6 12. h4 b5 13. Bd3 Nf6 14. Ne5 Ng4 15. Qf4 Nxe5 16. dxe5 Qa5 17. h5 b4 18. hxg6 hxg6 19. Qh4 Re8 20. Qh7+ Kf8 21. Bxg6 Be6 22. Na4 Qxa4 23. b3 Qb5 24. f4 Red8 25. Bd3 Qc5 26. g4 Rd4 27. Rdf1 Rxf4 28. Re1 Rd8 29. Rh5 Qc3 30. Reh1 Rxd3 31. Qxg7+ Ke8 32. Rh8+ Kd7 33. Qf8 1-0

[Event "Muelheim op 3rd"]
[Site "Muelheim"]
[Date "2011.08.06"]
[Round "2"]
[White "Torres Kuckel, Rafael"]
[Black "Titgemeyer, Thomas"]
[Result "1-0"]
[WhiteElo "2243"]
[BlackElo "1919"]
[PlyCount "58"]
[EventDate "2011.08.04"]
[EventType "swiss"]
[EventRounds "7"]
[EventCountry "GER"]
[SourceTitle "CBM 143 Extra"]
[Source "ChessBase"]
[SourceDate "2011.08.29"]
[SourceVersion "1"]
[SourceVersionDate "2011.08.29"]
[SourceQuality "1"]

1. e4 e5 2. Nf3 Nc6 3. Bb5 a6 4. Ba4 Nf6 5. d4 exd4 6. 0-0 Be7 7. e5 Ne4 8. Nxd4 Nxd4 9. Qxd4 Nc5 10. Nc3 0-0 11. Bf4 Ne6 12. Qd2 Nxf4 13. Qxf4 d6 14. Rad1 dxe5 15. Qxe5 Bd6 16. Qh5 Be6 17. Bb3 Qd7 18. h3 Rad8 19. Ne4 Bf5 20. Nxd6 cxd6 21. Rd4 Bg6 22. Qg5 Rfe8 23. Rfd1 Qc7 24. h4 Bxc2 25. Rc1 Re2 26. Rc4 Ree8 27. Rd1 Bxb3 28. Rxc7 Bxd1 29. Rxb7 Ra8 1-0

[Event "Goch op 18th"]
[Site "Goch"]
[Date "2007.10.06"]
[Round "4"]
[White "Titgemeyer, Thomas"]
[Black "Hendriks, Sven"]
[Result "1-0"]
[WhiteElo "1890"]
[BlackElo "1595"]
[PlyCount "109"]
[EventDate "2007.10.04"]
[EventType "swiss"]
[EventRounds "7"]
[EventCountry "GER"]
[SourceTitle "EXT 2011"]
[Source "ChessBase"]
[SourceDate "2010.11.26"]
[SourceVersion "1"]
[SourceVersionDate "2010.11.26"]
[SourceQuality "1"]

1. d4 d5 2. c4 e6 3. Nf3 Nf6 4. Bg5 Be7 5. Nc3 0-0 6. e3 h6 7. Bh4 c5 8. Bd3 dxc4 9. Bxc4 b6 10. 0-0 Bb7 11. Qe2 Re8 12. Rfd1 Qc8 13. Rac1 Ba6 14. dxc5 Bxc4 15. Qxc4 Qxc5 16. Qxc5 bxc5 17. Ne5 Rd8 18. Rxd8+ Bxd8 19. Na4 g5 20. Bg3 Na6 21. Nxc5 Rc8 22. Nb3 Rxc1+ 23. Nxc1 Ne4 24. Nc6 Bb6 25. Be5 f6 26. Bd4 e5 27. Bxb6 axb6 28. Nd3 Nac5 29. Nxc5 Nxc5 30. Nb4 Kf7 31. Kf1 Ke6 32. Ke2 Na4 33. b3 Nc5 34. f3 e4 35. Kd2 exf3 36. gxf3 Kf5 37. Nd5 Nd7 38. a4 Ke5 39. Nc3 f5 40. b4 Kd6 41. Nb5+ Kd5 42. a5 bxa5 43. bxa5 Kc5 44. Nd4 f4 45. Nf5 Ne5 46. Ke2 Kb5 47. exf4 gxf4 48. Nxh6 Ng6 49. Kd3 Kxa5 50. Ke4 Kb5 51. Kf5 Ne7+ 52. Kxf4 Kc5 53. Kg5 Kd5 54. f4 Ke4 55. f5 1-0

[Event "Goch op 18th"]
[Site "Goch"]
[Date "2007.10.05"]
[Round "2"]
[White "Titgemeyer, Thomas"]
[Black "Wiesebach, Wolfgang"]
[Result "1/2-1/2"]
[WhiteElo "1890"]
[BlackElo "1632"]
[PlyCount "80"]
[EventDate "2007.10.04"]
[EventType "swiss"]
[EventRounds "7"]
[EventCountry "GER"]
[SourceTitle "EXT 2011"]
[Source "ChessBase"]
[SourceDate "2010.11.26"]
[SourceVersion "1"]
[SourceVersionDate "2010.11.26"]
[SourceQuality "1"]

1. d4 d5 2. c4 c6 3. Nf3 Nf6 4. Nc3 Bf5 5. Bf4 e6 6. e3 Ne4 7. Bd3 Nxc3 8. bxc3 Bxd3 9. Qxd3 dxc4 10. Qxc4 Nd7 11. 0-0 Nb6 12. Qb3 Qd5 13. Qc2 Be7 14. Rab1 Rc8 15. c4 Qh5 16. c5 Nd5 17. Bg3 b5 18. a4 a6 19. Rb2 Qg6 20. Qd2 Bd8 21. Bd6 h5 22. Ne5 Qe4 23. Re1 f6 24. f3 Qh7 25. e4 Ne7 26. Nd3 g5 27. d5 e5 28. dxc6 Nxc6 29. axb5 axb5 30. Rxb5 Nd4 31. Qa2 Qd7 32. Rb2 h4 33. Reb1 h3 34. Rb7 Bc7 35. Bxc7 hxg2 36. Qxg2 Rxc7 37. Rb8+ Rc8 38. R8b7 Rc7 39. Rb8+ Rc8 40. R1b7 Qd8 1/2-1/2

[Event "Dortmund Sparkassen op-A"]
[Site "Dortmund"]
[Date "2006.08.05"]
[Round "8"]
[White "Titgemeyer, Thomas"]
[Black "Czygan, Dana"]
[Result "1-0"]
[WhiteElo "1889"]
[BlackElo "1720"]
[PlyCount "77"]
[EventDate "2006.07.28"]
[EventType "swiss"]
[EventRounds "9"]
[EventCountry "GER"]
[SourceTitle "CBM 113 Extra"]
[Source "ChessBase"]
[SourceDate "2006.09.14"]
[SourceVersion "1"]
[SourceVersionDate "2006.09.14"]
[SourceQuality "1"]

1. d4 Nf6 2. c4 g6 3. Nf3 Bg7 4. g3 d6 5. Nc3 0-0 6. Bg2 Bf5 7. Nh4 Bc8 8. 0-0 c6 9. h3 Bd7 10. e4 Qc8 11. Kh2 Be6 12. Qe2 Qc7 13. Be3 Rd8 14. Rac1 Na6 15. f4 c5 16. d5 Bd7 17. Bd2 Ne8 18. Rce1 Nb4 19. Bc1 f6 20. a3 Na6 21. Nf3 e5 22. dxe6 Bxe6 23. e5 dxe5 24. fxe5 fxe5 25. Ng5 Bf5 26. Nd5 Qd6 27. g4 Be6 28. Nxe6 Qxe6 29. Nf4 Qc8 30. Bd5+ Kh8 31. Ne6 Rd7 32. Qf2 Nec7 33. Nxg7 Nxd5 34. cxd5 Rxg7 35. Bh6 Qc7 36. Bxg7+ Qxg7 37. Qf7 Rd8 38. Rd1 Rd7 39. Qe8+ 1-0

[Event "Hamburg Junge op"]
[Site "Hamburg"]
[Date "2005.10.09"]
[Round "9"]
[White "Lingnau, Diethard"]
[Black "Titgemeyer, Thomas"]
[Result "1/2-1/2"]
[WhiteElo "1905"]
[BlackElo "1724"]
[PlyCount "41"]
[EventDate "2005.10.01"]
[EventType "swiss"]
[EventRounds "9"]
[EventCountry "GER"]
[SourceTitle "CBM 108 Extra"]
[Source "ChessBase"]
[SourceDate "2005.11.04"]
[SourceVersion "1"]
[SourceVersionDate "2005.11.04"]
[SourceQuality "1"]

1. e4 e5 2. Nf3 Nc6 3. Bb5 a6 4. Ba4 Nf6 5. 0-0 Be7 6. Re1 b5 7. Bb3 0-0 8. c3 d5 9. exd5 Nxd5 10. Nxe5 Nxe5 11. Rxe5 c6 12. d4 Bd6 13. Re1 Qh4 14. g3 Qh3 15. Qd3 Bg4 16. Qf1 Qh5 17. Be3 Kh8 18. Nd2 Rae8 19. c4 Bh3 20. Qe2 Bg4 21. Qf1 1/2-1/2

[Event "Solingen op-B"]
[Site "Solingen"]
[Date "2005.05.29"]
[Round "7"]
[White "Titgemeyer, Thomas"]
[Black "Becker, Carsten Uwe"]
[Result "1/2-1/2"]
[WhiteElo "1763"]
[BlackElo "1519"]
[PlyCount "38"]
[EventDate "2005.05.26"]
[EventType "swiss"]
[EventRounds "7"]
[EventCountry "GER"]
[SourceTitle "EXT 2006"]
[Source "ChessBase"]
[SourceDate "2005.11.24"]
[SourceVersion "1"]
[SourceVersionDate "2005.11.24"]
[SourceQuality "1"]

1. d4 d5 2. c4 e6 3. Nc3 c6 4. Nf3 dxc4 5. a4 Bb4 6. Ne5 Nf6 7. e3 0-0 8. Bxc4 Nd5 9. Qc2 c5 10. 0-0 cxd4 11. exd4 Nxc3 12. bxc3 Bd6 13. Nf3 b6 14. Qe4 Qc7 15. Bd3 f5 16. Qe3 Qxc3 17. Bd2 Qc7 18. Rfc1 Qe7 19. Bc4 Kh8 1/2-1/2

[Event "Solingen op-B"]
[Site "Solingen"]
[Date "2005.05.29"]
[Round "6"]
[White "Wurm, Christoph"]
[Black "Titgemeyer, Thomas"]
[Result "1/2-1/2"]
[WhiteElo "1562"]
[BlackElo "1763"]
[PlyCount "37"]
[EventDate "2005.05.26"]
[EventType "swiss"]
[EventRounds "7"]
[EventCountry "GER"]
[SourceTitle "EXT 2006"]
[Source "ChessBase"]
[SourceDate "2005.11.24"]
[SourceVersion "1"]
[SourceVersionDate "2005.11.24"]
[SourceQuality "1"]

1. e4 c5 2. Nf3 d6 3. d4 cxd4 4. Nxd4 Nf6 5. Nc3 a6 6. Be3 e5 7. Nb3 Be6 8. Be2 Be7 9. 0-0 0-0 10. f4 Qc7 11. f5 Bc4 12. Kh1 Rd8 13. Bxc4 Qxc4 14. Nd5 Nxd5 15. Qxd5 Qc7 16. Na5 Nc6 17. Bd2 Rac8 18. Bc3 b6 19. Nxc6 1/2-1/2

[Event "Solingen op-B"]
[Site "Solingen"]
[Date "2005.05.28"]
[Round "4"]
[White "Heinrichs, Ralf"]
[Black "Titgemeyer, Thomas"]
[Result "1/2-1/2"]
[WhiteElo "1487"]
[BlackElo "1763"]
[PlyCount "66"]
[EventDate "2005.05.26"]
[EventType "swiss"]
[EventRounds "7"]
[EventCountry "GER"]
[SourceTitle "EXT 2006"]
[Source "ChessBase"]
[SourceDate "2005.11.24"]
[SourceVersion "1"]
[SourceVersionDate "2005.11.24"]
[SourceQuality "1"]

1. d4 d5 2. Nf3 Nf6 3. Nc3 Bf5 4. Bg5 e6 5. e3 h6 6. Bh4 Be7 7. Be2 0-0 8. 0-0 Nbd7 9. h3 Rc8 10. Bd3 Bxd3 11. Qxd3 c5 12. Ne2 cxd4 13. exd4 Ne4 14. Bxe7 Qxe7 15. c3 Qd6 16. Rac1 Nb6 17. Ne5 Nd7 18. Nxd7 Qxd7 19. c4 Nf6 20. c5 Rc7 21. f3 Rfc8 22. b4 a6 23. Rc2 Ne8 24. Rfc1 Qa4 25. Qb3 Qxb3 26. axb3 Rc6 27. Nf4 Nc7 28. Nd3 f6 29. Kf2 Nb5 30. Ke3 Kf7 31. Nf4 Re8 32. Kd3 Ke7 33. Re2 Kd7 1/2-1/2